MARC

LEADER 00000nam0a2200000 4500
001 369892
005 20231102012228.0
035 |a (RuTPU)RU\TPU\retro\27299 
090 |a 369892 
100 |a 20220607d1979 km y0rusy50 ca 
101 0 |a rus 
102 |a GE 
105 |a a z 001zy 
200 1 |a Катодные процессы в ионных расплавах  |f Академия наук Грузинской ССР, Институт неорганической химии и электрохимии ; отв. ред. Р. К. Кварацхелия 
210 |a Тбилиси  |c Мецниереба  |d 1979 
215 |a 116 с.  |c ил. 
320 |a Библиогр. в конце ст. 
606 1 |a Расплавы ионные  |x (электрохимия)  |2 stltpush  |3 (RuTPU)RU\TPU\subj\23824 
610 1 |a катодные процессы 
610 1 |a катодное восстановление 
610 1 |a комплексообразование 
610 1 |a электровосстановление 
610 1 |a оксидные расплавы 
610 1 |a катодное извлечение 
675 |a 544.6.018.4-14  |v 4 
702 1 |a Кварацхелия  |b Р. К.  |4 340 
712 0 2 |a Академия наук Грузинской ССР  |b Институт неорганической химии и электрохимии  |2 stltpush  |3 (RuTPU)RU\TPU\col\11305  |9 25028 
801 1 |a RU  |b 63413507  |c 20220607 
801 2 |a RU  |b 63413507  |c 20230221  |g RCR 
942 |c BK